Регионална библиотека "Любен Каравелов" - Русе

24 декември (Запис номер 521382)

MARC детайли
000 -Лидер
Лидер 01356nam a2200301 a 4500
003 - Код на организацията, давaща контролен номер
Код на организацията, даваща контролен номер BLK
005 - Дата и час на последна редакция
Дата и час на последна редакция 20250404101449.0
007 - Фиксирано поле за физическо описани
Физическо описание ta
008 - Елементи от данни с фиксирана дължина
Елементи с фиксирана дължина 221104b bu |||||r|||| 00| | bu d
020 ## - Международен стандартен номер на книга ISBN
ISBN 9786191646265
040 ## - Източник на каталожния запис
Код на библиотеката BLK
041 ## - Код за език
Език Български
Език за КДБФ Български
080 ## - УДК
9 (RLIN) 233261
УДК текст Канадска литература на френски език
УДК код 821.133.1(71)
УДК – определител -93-34
УДК – код + определител 821.133.1(71)-93-34
084 ## - Класификационен индекс по друга класификация
Авторски знак Дру - Д 90
100 ## - Редна дума - Автор
R(LIN) 495997
Автор Друен, Артюр
245 ## - Сведения за заглавието
Заглавие 24 декември
Подзаглавни данни приказки
Авторска отговорност Артюр Друен ; худож., послесл. Женевиев Депре ; прев. от фр. Силвия Колева.
260 ## - Област на издателските данни
9 (RLIN) 215899
Място на издаване София
Име на издателя Enthusiast
Година на издаване 2024
Печатница [Костинброд] : Мултипринт ООД
300 ## - Физическа характеристика
Брой страници 32 с.
Илюстрации с цв. ил.
Размер 30 см
380 ## - Жанр
Жанр Детска худож. лит.
490 ## - СЕРИИ (Колекции)
9 (RLIN) 207775
Серия Children's Books
ISSN на серия C621-8989
500 ## - Общи забележки
Обща забележка Ориг. загл.: 24 Decembre / Arthur Drouin<br/>Enthusiast - запазена марка на Алто комюникейшънс енд пъблишинг
700 ## - Други автори (авторска отговорност)
9 (RLIN) 495998
Друг автор Депре, Женевиев
700 ## - Други автори (авторска отговорност)
9 (RLIN) 283986
Друг автор Колева, Силвия Николай
Авт. отговорност на др. автор прев. от фр.
852 ## - Местоположение
Сигнатура (форматна) Цб ІІ 33730
Отдел Хранилище
852 ## - Местоположение
Сигнатура (форматна) 821-93/Д 90 А
Отдел Детски отдел
942 ## - АРТИКУЛИ
Вид на библиотечния документ Книги
Скрит в OPAC Не
Koha issues (borrowed), all copies 6
944 ## - СЪЗДАВАНЕ И РЕДАКЦИЯ на ЗАПИСА
Дата на регистрацията/редакция Кети Илиева
Служител, извършил регистрацията/редакцията 30540
Номер на служител Севдалина Тодорова
999 ## - СИСТЕМНИ КОНТРОЛНИ НОМЕРА
Koha biblionumber 521382
Koha biblioitemnumber 521382
Наличности
Код за отписване Код за изгубен артикул Източник на класификационната схема Код за повреда Код за отдаване Артикулен № Име на библиотеката - собственик Име на библиотеката, в която се намира в момента Статус (Текущо местоположение) Дата на вписване в системата Местоположение - отдел Цена в лева Инвентарен номер Систематично азбучна сигнатура Баркод Цена в евро Служебен тип на артикула Коз за рестрикции
  Не е изгубен Universal Decimal Classification Не е повреден заемане за дома 954242 Регионална библиотека "Любен Каравелов" Русе Регионална библиотека "Любен Каравелов" Русе Детски отдел 2024-11-07 Детски отдел 15.40 120000914948 821-93/Д 90 А 120000914948 7.87 Книги  
  Не е изгубен Universal Decimal Classification Не е повреден заемане за дома 954243 Регионална библиотека "Любен Каравелов" Русе Регионална библиотека "Любен Каравелов" Русе Детски отдел 2024-11-07 Детски отдел 15.40 120000914949 821-93/Д 90 А 120000914949 7.87 Книги  
  Не е изгубен Universal Decimal Classification Не е повреден ползва се в читалня 971930 Регионална библиотека "Любен Каравелов" Русе Регионална библиотека "Любен Каравелов" Русе Хранилище 2025-05-22 Хранилище 22.00 120000919736 Цб ІІ 33730 120000919736 11.25 Книги само за читалня
Vip Innovations Ltd, Rousse, Bulgaria 2025